[Event "Pereira Fiestas de la Cosecha"]
[Site "Pereira"]
[Date "2022.08.28"]
[Round "9"]
[White "Torres, Saulo de Jesus"]
[Black "Ruiz, Emmanuel"]
[Result "1-0"]
[WhiteElo "1646"]
[BlackElo "1574"]
[PlyCount "103"]
[EventDate "2022.08.24"]
[EventType "swiss"]
[EventRounds "10"]
[EventCountry "COL"]
[SourceTitle "CBM 210 Extra"]
[Source "ChessBase"]
[SourceDate "2022.11.30"]
[SourceVersion "1"]
[SourceVersionDate "2022.11.30"]
[SourceQuality "1"]

1. e4 d5 2. exd5 Qxd5 3. Nc3 Qd6 4. g3 Nf6 5. Bg2 c6 6. Nge2 e5 7. 0-0 Be7 8. Re1 0-0 9. d3 Be6 10. a4 a5 11. b3 Qc7 12. Bb2 Bb4 13. Nc1 Nbd7 14. N1a2 Bd6 15. Qd2 Rad8 16. Ne4 Nxe4 17. Bxe4 Nf6 18. Bg2 Nd5 19. Qe2 Rfe8 20. Bxe5 Bxe5 21. Qxe5 Qd7 22. Qg5 Qd6 23. Qd2 Qc5 24. Re5 Qd4 25. Rae1 Qb2 26. Nc1 Nb4 27. R5e2 Qf6 28. c3 Nd5 29. d4 Rf8 30. Nd3 h5 31. Nc5 Bc8 32. Ne4 Qg6 33. h4 Bg4 34. f3 Bf5 35. Kh2 Be6 36. Nc5 Bc8 37. Bh3 Bxh3 38. Kxh3 b6 39. Nd3 Nf6 40. Ne5 Qf5+ 41. Kg2 c5 42. Nc6 Qd7 43. Nxd8 Rxd8 44. Rd1 Qb7 45. Qg5 Rd5 46. Qf4 Rd8 47. c4 Qc6 48. d5 Qd7 49. Ree1 Ne8 50. Re7 Qc8 51. Rde1 Kh8 52. Qxf7 1-0